000
00231nam a2200097Ia 4500
005
20251222154313.0
008
251222s9999||||xx |||||||||||||| ||spa||
082
_a
613.2/C76
245
0
_a
BoletÃn de ayuda mutua y salud
942
_c
LIB
999
_c
33485
_d
33485